Tổng tập văn học Việt Nam: T3B
Đại Việt sử lược; Việt Điện u linh; Nam ông mộng lục; Lĩnh Nam chích quái
Saved in:
| Main Author: | |
|---|---|
| Format: | Book |
| Language: | Undetermined |
| Published: |
Hà Nội
KHXH
1994
|
| Subjects: | |
| Tags: |
Add Tag
No Tags, Be the first to tag this record!
|
| Institutions: | Trung tâm Học liệu Trường Đại học Cần Thơ |
|---|
| LEADER | 00707nam a2200181Ia 4500 | ||
|---|---|---|---|
| 001 | CTU_34755 | ||
| 008 | 210402s9999 xx 000 0 und d | ||
| 082 | |a 895.922 | ||
| 082 | |b T455/T3B | ||
| 100 | |a Tổng tập văn học Việt Nam: T3B | ||
| 245 | 0 | |a Tổng tập văn học Việt Nam: T3B | |
| 245 | 0 | |c Tổng tập văn học Việt Nam: T3B, Trần Lê Sáng | |
| 260 | |a Hà Nội | ||
| 260 | |b KHXH | ||
| 260 | |c 1994 | ||
| 520 | |a Đại Việt sử lược; Việt Điện u linh; Nam ông mộng lục; Lĩnh Nam chích quái | ||
| 650 | |a vietnamese literature - history and criticism | ||
| 980 | |a Trung tâm Học liệu Trường Đại học Cần Thơ | ||